| 000 | 00363nam a22001337a 4500 | ||
|---|---|---|---|
| 008 | 230605b xxu||||| |||| 00| 0 eng d | ||
| 020 | _a9966460047 | ||
| 082 |
_a327.111 _bHET |
||
| 110 | _d1995 | ||
| 245 |
_aInternational Political Economy _cIndividual Contributors, In Collection, Bjorn |
||
| 260 |
_aNairobi _bZed Books _c1995 |
||
| 300 | _a152 p | ||
| 942 |
_2ddc _cBK |
||
| 999 |
_c440 _d440 |
||